MANAGING YOUR CAREER IN A CHANGING WORKP (Record no. 13696)

MARC details
000 -LEADER
fixed length control field 00353nam a2200133Ia 4500
008 - FIXED-LENGTH DATA ELEMENTS--GENERAL INFORMATION
fixed length control field 240624s9999 xx 000 0 und d
041 ## - LANGUAGE CODE
Language code of text/sound track or separate title eng
082 ## - DEWEY DECIMAL CLASSIFICATION NUMBER
Classification number 650.14 BAL
100 ## - MAIN ENTRY--PERSONAL NAME
Personal name BALLBACK JANE
245 ## - TITLE STATEMENT
Title MANAGING YOUR CAREER IN A CHANGING WORKP
260 ## - PUBLICATION, DISTRIBUTION, ETC.
Date of publication, distribution, etc. 1998
Place of publication, distribution, etc. New Delhi
Name of publisher, distributor, etc. Wheeler Publishing
300 ## - PHYSICAL DESCRIPTION
Extent 123 : p. : cm. ; 23
365 ## - TRADE PRICE
Currency code RS
Price amount 30
Holdings
Withdrawn status Lost status Damaged status Not for loan Home library Current library Shelving location Date acquired Source of acquisition Cost, normal purchase price Full call number Barcode Date last seen Copy number Price effective from Koha item type
        IMTN IMTN Rack 18-B 08/13/2009 PSBE 99.00 650.14 BAL 13696 06/24/2024 1 06/24/2024 Books
Designed & Maintained by: LRC IMT Nagpur Contact: lrc@imtnag.ac.in© 2024. All Rights Reserved.